000 02137cam a2200325 a 4500
003 OSt
005 20210810151030.0
008 090604s1997 ck ad r 001 0 spa d
020 _a9580430969
040 _aDLC
_cCO-JMCR
041 1 _aspa
_heng
082 0 4 _a332.042 /
_bK943c
_223
100 1 _aKrugman, Paul R.
_eautor
_911949
245 1 0 _aCrisis de la moneda /
_cPaul R. Krugman ; traducción de Fabio Sánchez
260 _aBogotá :
_bGrupo Editorial Norma,
_c1997.
300 _a328 páginas :
_bilustraciones, gráficas y tablas ;
_c22 cm.
490 0 _aColección vitral
504 _aBibliografía : páginas 323-328.
505 0 _aTasas de cambio y balanza de pagos. -- Especulación y tasa de cambio. -- La crisis de la deuda y sus secuelas. -- El sistema monetario internacional.
520 0 _aPaul R. Krugman se ha dedicado a estudiar el comercio internacional y a definir los problemas que aquejan a la competencia imperfecta. Los once ensayos que contiene Crisis de la moneda giran en torno al trabajo de Krugman sobre la economía monetaria internacional en un esfuerzo por darle sentido a un periodo turbulento -finales de los años setenta hasta el presente- en el que se ha "dado una sorpresa tras otra, la mayor parte de ellas desagradable". Los ensayos cubren temas claves como el papel que desempeñan las tasas de cambio en la política de ajuste de la balanza de pagos, el papel de la especulación en el funcionamiento de los regímenes de tasa de cambio, la deuda del Tercer Mundo y la construcción del sistema monetario internacional. El estilo y la metodología de Krugman dan unidad al libro: elabora un pequeño modelo teórico con el fin de simplificar o clarificar algún problema del sistema monetario mundial.
534 _tCurrencies and crises.
650 1 4 _aFinanzas internacionales
_95881
650 2 4 _aCambio exterior
_95875
650 2 4 _aDeuda externa
_96752
650 2 4 _aSistema monetario internacional
_96486
650 2 4 _aCuestión monetaria
_939028
650 2 4 _aCrisis monetaria
_95882
700 1 _aSánchez Torres, Fabio José,
_etraductor
_939233
942 _2ddc
_cBK
999 _c12175
_d12175